| 000 | 00352nam a2200121Ia 4500 | ||
|---|---|---|---|
| 008 | 220217s9999||||xx |||||||||||||| ||und|| | ||
| 082 | _a621.395 BRO | ||
| 100 |
_aBrown, Stephen Vranesic, Zvonko _92045 |
||
| 245 | 0 | _aFundamentals of digital logic with VHDL design | |
| 260 |
_aTata mcgraw hill _bNew Delhi _c2002 |
||
| 300 | _b315 | ||
| 650 | _aVHDL | ||
| 999 |
_c170726 _d170726 |
||